Statystyki dla 50 największych miast w 1920 roku z mapą

Kliknij tutaj aby rozwiązać quiz!

Ogólne statystyki

  • Ten quiz został rozwiązany 330 razy
    (284 od ostatniego zresetowania)
  • Średni wynik to 23 z 47

Odpowiedzi na mapie

Odpowiedzi skodowane kolorowo w zielono-czerwonej skali na mapie do tego quizu, zgodnie z poniższymi procentami.
 

Statystyki odpowiedzi

PopulacjaMiasto% Poprawnych
4,025,000Berlin
90%
950,000Moskwa
90%
4,965,000Paryż
90%
920,000Warszawa
90%
7,236,000Londyn
89%
742,000Madryt
88%
8,047,000Nowy Jork
88%
4,168,000Tokio
86%
839,000Los Angeles
78%
865,000Kair
76%
1,845,000Wiedeń
76%
1,225,000Budapeszt
73%
762,000Neapol
70%
704,000Kopenhaga
65%
2,275,000Buenos Aires
64%
1,545,000Hamburg
64%
2,306,000Manchester
64%
3,315,000Chicago
63%
1,201,000Liverpool
62%
1,070,000Bruksela
59%
1,325,000Rio de Janeiro
58%
905,000San Francisco
58%
910,000Sydney
58%
1,630,000Glasgow
53%
720,000Petrograd
47%
1,694,000Birmingham
46%
2,210,000Boston
44%
1,889,000Osaka
43%
1,275,000Mumbaj
39%
810,000Frankfurt
38%
775,000Melbourne
38%
1,199,000Detroit
33%
2,302,000Philadelphia
33%
1,820,000Kolkata
32%
1,445,000Leeds
30%
800,000Kanton
23%
741,000Montreal
22%
798,000Newcastle
22%
800,000Wuhan
21%
1,000,000Istanbul
19%
924,000Cleveland
10%
747,000Baltimore
9%
1,700,000Shanghai
9%
1,261,000Pittsburgh
7%
978,000St. Louis
7%
800,000Tiencin
7%
900,000Peking
3%

Rozkład punktacji

Percentyl według liczby udzielonych odpowiedzi

Procent ludzi z każdym wynikiem

Twoja historia wyników

Nie rozwiązałeś tego quizu od ostatniego zresetowania